| 000 | 02251nam0a2200349 4500 | ||
|---|---|---|---|
| 001 | RU\NLR\BIBL_A\011307138 | ||
| 005 | 20260626141018.0 | ||
| 010 |
_a978-5-86433-699-1 _9500 |
||
| 021 |
_aRU _b2016-93971 _96223 |
||
| 035 | _a(NLR Aleph) 011307138 | ||
| 090 |
_a11002281 _c11002281 |
||
| 100 | _a20170111d2016 k y0rusy50 ca | ||
| 101 | 0 | _arus | |
| 102 | _aRU | ||
| 105 | _aa z 000zy | ||
| 200 | 1 |
_aРазработка алгоритмического обеспечения анализа однородности партий электрорадиоизделий для комплектации радиоэлектронной аппаратуры космических аппаратов _eмонография _f[Л. А. Казаковцев, И. С. Масич, В. И. Орлов и др.] _gМ-во образования и науки Рос. Федерации, Сиб. гос. аэрокосм. ун-т им. акад. М. Ф. Решетнева |
|
| 210 |
_aКрасноярск _cРедакционно-издательский отдел Сибирского государственного аэрокосмического университета _d2016 |
||
| 215 |
_a161, [1] с. _cил. _d24 |
||
| 300 | _aАвт. указаны на обороте тит. л. | ||
| 320 | _aБиблиогр.: с. 134-148 (197 назв.) | ||
| 606 | 1 |
_aАвиационно-космическая промышленность _yРоссийская Федерация _2nlr_sh1 _2nlr_sh2 _3RU\NLR\AUTH\661410412 |
|
| 686 | 1 | _aУ30(2)585.152.75 | |
| 701 | 1 |
_aКазаковцев _bЛ. А. _gЛев Александрович _3RU\NLR\AUTH\770267414 |
|
| 701 | 1 |
_aМасич _bИ. С. _gИгорь Сергеевич |
|
| 701 | 1 |
_aОрлов _bВ. И. _cспециалист в обл. радиоэлектроники _gВиктор Иванович _3RU\NLR\AUTH\770168680 |
|
| 712 | 0 | 2 |
_aСибирский государственный аэрокосмический университет им. М. Ф. Решетнева _cКрасноярск _3RU\NLR\AUTH\8810048944 _4570 |
| 942 | _cBOOK | ||
| 980 | _aNBR | ||
| 980 | _aNB | ||